000 01027cam a2200217 4500
001 WB3815-20
008 020425n2002 000 0 eng u
035 _a(Sirsi) u117677
245 _aNew fee structure for coal mining reports
260 _c2002
490 _aRICS Minerals and Waste Management Faculty News
_v25 April 2002 (1)
520 _aOn 1 April 2002, the Coal Authority introduced a simplified fee structure for coal mining reports for two report types. The first is a residential property search available for single unit residential property, and the second is for commercial or development sites up to a maximum of 25 hectares. For details on how to obtain the reports: http://www.rics.org/ricscms/bin/show?class=News&template=/includes/shownews.html&id=2347
590 _aWB
650 _aCOAL MINING REPORTS
650 _aCOAL AUTHORITY
650 _aFEE STRUCTURES
650 _aRESIDENTIAL PROPERTY
_96266
650 _aPROPERTY-COMMERCIAL PROPERTY
690 _aMINING AND MINERALS
942 _n0
999 _c70075
_d70075